Villes de Martinique - Statistiques

Statistiques générales
  • Ce quiz a été pris 452 fois
  • Le résultat moyen est 19 sur 34
Statistiques - réponses
Réponse % Correct
Fort de France
95%
Lamentin
78%
Sainte-Anne
75%
Saint-Pierre
73%
Robert
69%
François
68%
Trinité
67%
Schœlcher
64%
Trois-Îlets
64%
Diamant
63%
Marin
63%
Sainte-Luce
62%
Carbet
61%
Sainte-Marie
61%
Ducos
59%
Morne-Rouge
59%
Rivière-Salée
56%
Vauclin
56%
Rivière-Pilote
53%
Saint-Joseph
52%
Morne-Vert
51%
Grand'Rivière
50%
Gros-Morne
49%
Case-Pilote
44%
Lorrain
44%
Prêcheur
44%
Ajoupa-Bouillon
43%
Saint-Esprit
43%
Bellefontaine
42%
Macouba
42%
Marigot
39%
Basse-Pointe
36%
Anses-d'Arlet
33%
Fonds-Saint-Denis
18%
Aucun quiz correspondant
Distribution des résultats
% des personnes avec chaque résultat
Percentile par nombre de réponses
Votre historique - résultats
Vous n’avez pas pris ce quiz